Оценка состояния почвенного покрова в зоне влияния нефтехимических предприятий Волгограда с применением системы диагностических показателей различной природы (Запись № 11418076)

Подробности
000 -МАРКЕР
контрольное поле 02556nam0a2200373 4500
001 - ИДЕНТИФИКАТОР ЗАПИСИ
контрольное поле RU\NLR\BIBL_A\011707581
005 - ИДЕНТИФИКАТОР ВЕРСИИ
контрольное поле 20180705124230.0
010 ## - МЕЖДУНАРОДНЫЙ СТАНДАРТНЫЙ НОМЕР КНИГИ (ISBN)
Номер (ISBN) 978-5-4479-0098-4
Тираж 100
021 ## - НОМЕР ГОСУДАРСТВЕННОЙ РЕГИСТРАЦИИ
Код страны Российская Федерация
Номер КН-П-18-028478
Номер Листа государственной регистраци КН-П-18-2081
035 ## - ДРУГИЕ СИСТЕМНЫЕ НОМЕРА
Идентификатор записи (NLR Aleph) 011707581
035 ## - ДРУГИЕ СИСТЕМНЫЕ НОМЕРА
Идентификатор записи (RuMoRGB)009607180
100 ## - ДАННЫЕ ОБЩЕЙ ОБРАБОТКИ
Данные общей обработки 20180521d2017 k y0rusy50 ca
101 0# - ЯЗЫК РЕСУРСА
Язык текста, звукозаписи и т.д. русский
102 ## - СТРАНА ПУБЛИКАЦИИ ИЛИ ПРОИЗВОДСТВА
Страна публикации Российская Федерация
105 ## - ПОЛЕ КОДИРОВАННЫХ ДАННЫХ: ТЕКСТОВЫЕ МАТЕРИАЛЫ, МОНОГРАФИЧЕСКИЕ
Кодированные данные о монографическом текстовом документе a z 000zy
200 1# - ЗАГЛАВИЕ И СВЕДЕНИЯ ОБ ОТВЕТСТВЕННОСТИ
Основное заглавие Оценка состояния почвенного покрова в зоне влияния нефтехимических предприятий Волгограда с применением системы диагностических показателей различной природы
Сведения, относящиеся к заглавию монография
Первые сведения об ответственности А. А. Околелова, В. Ф. Желтобрюхов, Г. С. Егорова [и др.]
Последующие сведения об ответственности Министерство сельского хозяйства Российской Федерации, Департамент научно-технологической политики и образования, Федеральное государственное бюджетное образовательное учреждение высшего образования "Волгоградский государственный аграрный университет", "Волгоградский государственный технический университет"
210 ## - ПУБЛИКАЦИЯ, РАСПРОСТРАНЕНИЕ И ДР.
Место издания, распространения и т.д. Волгоград
Имя издателя, распространителя и т. д. Волгоградский ГАУ
Дата издания, распространения и т.д. 2017
215 ## - ФИЗИЧЕСКАЯ ХАРАКТЕРИСТИКА
Специфическое обозначение материала и объем 211 с.
Другие сведения о физической характеристике ил., табл.
Размеры 21
320 ## - ПРИМЕЧАНИЯ О НАЛИЧИИ В ДОКУМЕНТЕ БИБЛИОГРАФИИ / УКАЗАТЕЛЯ
Текст примечания Библиогр.: с. 173-207 (477 назв.)
606 1# - НАИМЕНОВАНИЕ ТЕМЫ КАК ПРЕДМЕТ
Наименование темы Почвенный покров
Тематический подзаголовок Влияние нефтехимических комплексов
Географический подзаголовок Волгоград, город
Системный номер авторитетной/нормативной записи 2372027
Идентификатор авторитетной/нормативной записи RU\NLR\AUTH\6601637354
606 1# - НАИМЕНОВАНИЕ ТЕМЫ КАК ПРЕДМЕТ
Наименование темы Почвы
Тематический подзаголовок Загрязнение нефтепродуктами
-- Исследование
Системный номер авторитетной/нормативной записи 2372031
Идентификатор авторитетной/нормативной записи RU\NLR\AUTH\6601637356
686 ## - ИНДЕКСЫ ДРУГИХ КЛАССИФИКАЦИЙ
Индекс П9(2Р354-4Во)03,0
Код системы
686 ## - ИНДЕКСЫ ДРУГИХ КЛАССИФИКАЦИЙ
Индекс П035.8,9,0
Код системы
686 1# - ИНДЕКСЫ ДРУГИХ КЛАССИФИКАЦИЙ
Индекс П035.8(2Р354-4Во-2)
686 1# - ИНДЕКСЫ ДРУГИХ КЛАССИФИКАЦИЙ
Индекс П035
701 #1 - ИМЯ ЛИЦА - АЛЬТЕРНАТИВНАЯ ОТВЕТСТВЕННОСТЬ
Начальный элемент ввода Околелова
Часть имени, кроме начального элемента ввода А. А.
Даты 1953-
Расширение инициалов личного имени Алла Ароновна
701 #1 - ИМЯ ЛИЦА - АЛЬТЕРНАТИВНАЯ ОТВЕТСТВЕННОСТЬ
Начальный элемент ввода Желтобрюхов
Часть имени, кроме начального элемента ввода В. Ф.
Даты 1963
Расширение инициалов личного имени Владимир Федорович
701 #1 - ИМЯ ЛИЦА - АЛЬТЕРНАТИВНАЯ ОТВЕТСТВЕННОСТЬ
Графика поля Кириллица
Материалы, к которым относится поле rus
Начальный элемент ввода Егорова
Часть имени, кроме начального элемента ввода Г. С.
Дополнения к именам, кроме дат д-р с.-х. наук
Расширение инициалов личного имени Галина Сергеевна
Системный номер авторитетной/нормативной записи 11865
Идентификатор авторитетной/нормативной записи RU\NLR\AUTH\7728835
942 ## - ДОПОЛНИТЕЛЬНЫЕ ЭЛЕМЕНТЫ ЗАПИСИ (АБИС)
Тип экземпляра АБИС Книга
980 ## - КОЛЛЕКЦИЯ
Название коллекции НБР
980 ## - КОЛЛЕКЦИЯ
Название коллекции Национальная библиография

Нет доступных экземпляров.